00544 2200181 4500001002100000005001500021035002000036007000300056008004100059082001000100084001600110100001800126245009000144260005100234300003100285650001600316700003000332INLIS00000000000056120230104090632 a0010-0123000028ta230104 g 0 ind  a294.5 a294.5 G. m0 aG. Pudja M.A,1 aManawa Dharmacastra :b(Manu Dharmacastra) /cG. Pudja M.A, Tjokorda Rai Sudharta M.A aJakarta :bCV. Felita Nursatama Lestari,c2002 a820 hlm. :bIlus ;c20 cm. 4aAgama Hindu0 aTjokorda Rai Sudharta M.A